Поглощение фотонов, рассеяние электронов, распад вакансий. Атомные данные

Bibliografiske detaljer
Hovedforfatter: Амусья М. Я. Мирон Янкелевич
Corporate Authors: Российская академия наук (РАН) Физико-технический институт им. А. Ф. Иоффе (ФТИ), Академия наук СССР (АН СССР) Институт общей и неорганической химии им. Н. С. Курнакова (ИОНХ)
Andre forfattere: Чернышева Л. В. Лариса Владимировна, Яржемский В. Г. Виктор Георгиевич
Summary:Представлены результаты вычислений характеристик широкого круга атомных процессов с участием фотонов и электронов — сечений фотопоглощения, рассеяния электронов и вероятностей распадов образующихся в этих процессах атомных вакансий для множества атомов и ионов. Рассмотрены кратко фотоионизация и распад вакансий в эндоэдральных атомах и рассеяние позитронов. Вычисления выполнены в рамках лучшего одноэлектронного приближения Хартри- -Фока (ХФ) и с учётом многоэлектронных корреляций — в приближении случайных фаз с обменом (ПСФО). Влияние корреляций обычно очень важно. Нами используется вариант теории многих тел, основанный на технике диаграмм Фейнмана. Краткое теоретическое описание самих процессов включает тем не менее формулирование основных идей, а также ключевые формулы. Собранные данные и методы, используемые при их получении, могут быть полезны при теоретическом описании уже выполненных экспериментов и в предложении новых.
Sprog:russisk
Udgivet: СПб., Наука, 2010
Fag:
Format: MixedMaterials Bog
KOHA link:https://koha.lib.tpu.ru/cgi-bin/koha/opac-detail.pl?biblionumber=193616

MARC

LEADER 00000nam0a2200000 4500
001 193616
005 20231101224512.0
010 |a 9785020253285 
035 |a (RuTPU)RU\TPU\book\211160 
090 |a 193616 
100 |a 20110324d2010 km y0rusy50 ca 
101 0 |a rus 
102 |a RU 
105 |a a z 001zy 
200 1 |a Поглощение фотонов, рассеяние электронов, распад вакансий. Атомные данные  |f М. Я. Амусья, Л. В. Чернышева, В. Г. Яржемский  |g Российская академия наук (РАН), Физико-технический институт им. А. Ф. Иоффе (ФТИ) ; Российская академия наук (РАН), Институт неорганической химии им. Н. С. Курнакова 
210 |a СПб.  |c Наука  |d 2010 
215 |a 504 с.  |c ил.  |e CD-ROM 
320 |a Библиогр. в конце гл. 
330 |a Представлены результаты вычислений характеристик широкого круга атомных процессов с участием фотонов и электронов — сечений фотопоглощения, рассеяния электронов и вероятностей распадов образующихся в этих процессах атомных вакансий для множества атомов и ионов. Рассмотрены кратко фотоионизация и распад вакансий в эндоэдральных атомах и рассеяние позитронов. Вычисления выполнены в рамках лучшего одноэлектронного приближения Хартри- -Фока (ХФ) и с учётом многоэлектронных корреляций — в приближении случайных фаз с обменом (ПСФО). Влияние корреляций обычно очень важно. Нами используется вариант теории многих тел, основанный на технике диаграмм Фейнмана. Краткое теоретическое описание самих процессов включает тем не менее формулирование основных идей, а также ключевые формулы. Собранные данные и методы, используемые при их получении, могут быть полезны при теоретическом описании уже выполненных экспериментов и в предложении новых. 
606 1 |a Атомы  |x Взаимодействие с отдельными и элементарными частицами  |2 stltpush  |3 (RuTPU)RU\TPU\subj\70444  |9 84705 
610 1 |a фотоны 
610 1 |a рассеяние 
610 1 |a электроны 
610 1 |a распад 
610 1 |a атомные вакансии 
610 1 |a атомные процессы 
610 1 |a фотопоглощение 
610 1 |a атомы 
610 1 |a атомная физика 
675 |a 539.186  |v 3 
700 1 |a Амусья  |b М. Я.  |g Мирон Янкелевич 
701 1 |a Чернышева  |b Л. В.  |g Лариса Владимировна 
701 1 |a Яржемский  |b В. Г.  |g Виктор Георгиевич 
712 0 2 |a Российская академия наук (РАН)  |b Физико-технический институт им. А. Ф. Иоффе (ФТИ)  |c (Санкт-Петербург)  |2 stltpush  |3 (RuTPU)RU\TPU\col\1364 
712 0 2 |a Академия наук СССР (АН СССР)  |b Институт общей и неорганической химии им. Н. С. Курнакова (ИОНХ)  |c (Москва)  |2 stltpush  |3 (RuTPU)RU\TPU\col\11794 
801 1 |a RU  |b 63413507  |c 20110324 
801 2 |a RU  |b 63413507  |c 20221209  |g RCR 
942 |c BK